<?xml version="1.0" encoding="UTF-8"?>
<record
    xmlns:xsi="http://www.w3.org/2001/XMLSchema-instance"
    xsi:schemaLocation="http://www.loc.gov/MARC21/slim http://www.loc.gov/standards/marcxml/schema/MARC21slim.xsd"
    xmlns="http://www.loc.gov/MARC21/slim">

  <leader>00305nam a2200121Ia 4500</leader>
  <controlfield tag="008">191201s2013    xx            000 0 und d</controlfield>
  <datafield tag="100" ind1=" " ind2=" ">
    <subfield code="a">JOHNSON VICTOR,D</subfield>
  </datafield>
  <datafield tag="245" ind1=" " ind2="0">
    <subfield code="a">Essentials of Bridges Engineering</subfield>
  </datafield>
  <datafield tag="260" ind1=" " ind2=" ">
    <subfield code="a">N. Delhi</subfield>
    <subfield code="b">Oxford &amp; IBH</subfield>
    <subfield code="c">2013</subfield>
  </datafield>
  <datafield tag="300" ind1=" " ind2=" ">
    <subfield code="a">480</subfield>
  </datafield>
  <datafield tag="650" ind1=" " ind2=" ">
    <subfield code="a">B.Tech(CE)</subfield>
  </datafield>
  <datafield tag="942" ind1=" " ind2=" ">
    <subfield code="2">ddc</subfield>
    <subfield code="c">BK</subfield>
  </datafield>
  <datafield tag="999" ind1=" " ind2=" ">
    <subfield code="c">6328</subfield>
    <subfield code="d">6328</subfield>
  </datafield>
  <datafield tag="952" ind1=" " ind2=" ">
    <subfield code="0">0</subfield>
    <subfield code="1">0</subfield>
    <subfield code="2">ddc</subfield>
    <subfield code="4">0</subfield>
    <subfield code="7">0</subfield>
    <subfield code="8">BTECHCE</subfield>
    <subfield code="a">PIET</subfield>
    <subfield code="b">PIET</subfield>
    <subfield code="d">2015-05-29</subfield>
    <subfield code="e">PANKAJ BOOK DEPOT PANIPAT</subfield>
    <subfield code="g">350.00</subfield>
    <subfield code="k">AS390</subfield>
    <subfield code="l">3</subfield>
    <subfield code="o">624.2012 VIE</subfield>
    <subfield code="p">26330</subfield>
    <subfield code="r">2024-03-26 00:00:00</subfield>
    <subfield code="s">2024-03-12</subfield>
    <subfield code="v">234.50</subfield>
    <subfield code="w">2015-05-25</subfield>
    <subfield code="y">BK</subfield>
  </datafield>
</record>
